Movies Quiz

Random Movies or Actor Quiz

Denzel Washington Needs a Job Quiz Stats

Quiz Updated Dec 23, 2017

Challenge
Share
Tweet
Embed
Score 0/26 Timer 06:00
0 Plays Today
% Correct
Football Coach
88.1%
Activist
85.5%
Airline Pilot
82.5%
Heroin Kingpin
74.1%
Lawyer
73.7%
U.S. Private
69.2%
U.S. Submarine Lieutenant Commander
66.3%
Jazz Musician
65.1%
Train Engineer
61%
College Professor
59.7%
Narcotics Officer
57.4%
Prince
54.9%
Bodyguard (Ex-CIA operative)
54.9%
% Correct
U.S. Lieutenant Colonel
54.1%
Homicide Detective
49.8%
Homicide Detective
46.2%
Subway Dispatcher
45.1%
Waste Collector
43.1%
Hostage Negotiator
42.8%
Factory Worker
40%
Ex-CIA operative
39.7%
Investigative Reporter
33.5%
FBI Terrorism Task Force Chief
32.9%
Psychiatrist
29.9%
Lawyer
29%
ATF Agent
23.8%

You're not logged in!

Compare scores with friends on all Sporcle quizzes.
Sign Up with Email
OR
Log In

You Might Also Like...

Show Comments

Extras

Top Quizzes Today


Score Distribution

Your Account Isn't Verified!

In order to create a playlist on Sporcle, you need to verify the email address you used during registration. Go to your Sporcle Settings to finish the process.

Report this User

Report this user for behavior that violates our Community Guidelines.

Details: